000 00338nam a2200169Ia 4500
100 _aSuvasish/M
650 _aGeneral
942 _cBK
366 _f20
654 _astudy
245 _aHow to study and succeed
260 _bViva
_aMumbai
_c2006
082 _a658.409/SUV
_bSUV
300 _a125
546 _aENGLISH
999 _c30441
_d30441